000 00417cam a22001217a 4500
008 180718b1977 xxu||||| |||| 00| 0 eng d
082 _aA81x54 In2/71/4/PT9A/2
100 _aCensus of India 1971
245 _aBihar: administrative atlas (Bhagalpur and Chotanagar divisions)
260 _aDelhi
_bThe Controller of Publications
_c1977
300 _av.p.
440 _aCensus of India 1971. Series-4, Bihar. Part IX-A (ii)
999 _c484935
_d484935